| 000 | 00690npc a2200217Ia 4500 | ||
|---|---|---|---|
| 001 | oms2-28727 [d000003403] | ||
| 003 | IT-MiCISF | ||
| 008 | 161014s9999||||xx | und|| | ||
| 040 |
_aIT-MiCISF _cIT-MiCISF |
||
| 041 | _aen | ||
| 100 | _aAA.VV. | ||
| 240 | _aMaladies cardio-vasculaires et contraception hormonale steroidienne | ||
| 245 | 0 | _aMaladies cardio-vasculaires et contraception hormonale steroidienne | |
| 250 | _a1a ed. | ||
| 260 |
_a Geneve _bOrganisation Mondiale de la Sante _c1998 |
||
| 300 | _app. 99 | ||
| 500 | _aGroupe scientifique de l'OMS / contraccezione, malattia, salute / | ||
| 650 | _asalute-cura | ||
| 942 | _cDD | ||
| 957 | _71 | ||
| 999 |
_a28727 _bsi _g1 _c206115 _d206115 |
||